| 000 | 00670nam a22002177a 4500 | ||
|---|---|---|---|
| 005 | 20251108165256.0 | ||
| 008 | 250721s1978 xx 000 0 ara d | ||
| 082 | 1 | 4 | _a574.87/ويل |
| 100 | 1 | _aويلسون، ج.ب. | |
| 245 | 1 | 0 | _aعلم الخلية / |
| 250 | _aط2 | ||
| 264 | 1 |
_aالموصل : _bجامعة الموصل، _c1978. |
|
| 300 | _a344ص :مص ، معجم مصطلحات | ||
| 650 | 1 | 7 | _aالخلايا |
| 700 | 1 | _aموريسون، جون ج. | |
| 700 | 1 |
_aعزيز، جبرائيل برصوم _eترجمة |
|
| 700 | 1 | _aالعزاوي، طلال فتحي | |
| 700 | 1 | _aاليونس، يحيى ذنون | |
| 942 |
_2ddc _cBK |
||
| 999 |
_c23886 _d23886 |
||